Zwycięzcy pierwszego wyścigu f1 w sezonie - Statystyki

Ogólne statystyki
  • Ten quiz został rozwiązany 25 razy
  • Średni wynik to 51 z 76
Statystyki odpowiedzi
Rok Kierowca % Poprawnych
2021 Hamilton
100%
2015 Hamilton
100%
2008 Hamilton
100%
2025 Norris
100%
2024 Verstappen
100%
2023 Verstappen
100%
2010 Alonso
95%
2006 Alonso
95%
2004 Schumacher
95%
2002 Schumacher
95%
2001 Schumacher
95%
2000 Schumacher
95%
1995 Schumacher
95%
1994 Schumacher
95%
1991 Senna
95%
1990 Senna
95%
2018 Vettel
95%
2017 Vettel
95%
2011 Vettel
95%
2020 Bottas
89%
2019 Bottas
89%
1976 Lauda
89%
2022 Leclerc
89%
1993 Prost
89%
1988 Prost
89%
1984 Prost
89%
1982 Prost
89%
2016 Rosberg
89%
2014 Rosberg
89%
2012 Button
84%
2009 Button
84%
1957 Fangio
74%
1955 Fangio
74%
1954 Fangio
74%
1951 Fangio
74%
1996 Hill
74%
1962 Hill
74%
1956 Musso/Fangio
74%
2013 Raikkonen
74%
2007 Raikkonen
74%
1950 Farina
68%
1998 Hakkinen
68%
2003 Coulthard
63%
1997 Coulthard
63%
1977 Scheckter
63%
1992 Mansell
58%
1989 Mansell
58%
1987 Mansell
58%
1953 Ascari
53%
1986 Piquet
53%
1983 Piquet
53%
1971 Stewart
53%
1969 Stewart
53%
1966 Stewart
53%
1970 Brabham
47%
1959 Brabham
47%
2005 Fisichella
47%
1968 Clark
42%
1965 Clark
42%
1964 Clark
42%
1963 Clark
42%
1975 Fittipaldi
42%
1973 Fittipaldi
42%
1972 Fittipaldi
42%
1980 Jones
42%
1961 Moss
37%
1960 Moss
37%
1958 Moss
37%
1978 Andretti
32%
1999 Irvine
32%
1981 Reutemann
26%
1974 Reutemann
26%
1985 Alboreto
16%
1979 Laffite
5%
1967 Rodriguez
5%
1952 Taruffi
0%
Nie znaleziono quizów pasujących do podanych kryteriów
Rozkład punktacji
Procent ludzi z każdym wynikiem
Percentyl według liczby udzielonych odpowiedzi
Twoja historia wyników
Nie rozwiązałeś tego quizu